Economics / An Introduction to Traditional and Radical Views (Record no. 2613)
[ view plain ]
| 000 -LEADER | |
|---|---|
| fixed length control field | 01532cam a22002174a 4500 |
| 005 - ΗΜΕΡΟΜΗΝΙΑ ΚΑΙ ΩΡΑ ΤΕΛΕΥΤΑΙΑΣ ΕΝΗΜΕΡΩΣΗΣ | |
| Πεδίο ελέγχου | 20250605164048.0 |
| 008 - FIXED-LENGTH DATA ELEMENTS--GENERAL INFORMATION | |
| Πεδίο ελέγχου σταθερού μήκους | 250528s ||||||||||||||||||||||||d |
| 035 ## - SYSTEM CONTROL NUMBER | |
| System control number | 17178 |
| 020 ## - ISBN | |
| ISBN | 63503530 |
| 040 ## - ΠΗΓΗ ΚΑΤΑΛΟΓΟΓΡΑΦΗΣΗΣ | |
| Φορέας πρωτότυπης καταλογογράφησης | MC Athens Campus Library |
| Γλώσσα καταλογογράφησης | Ελληνικά, Μοντέρνα (1453-) |
| Modifying agency | MC Athens Campus Library |
| Κανόνες περιγραφικής καταλογογράφησης | AACR2 |
| 245 1# - ΤΙΤΛΟΣ ΚΑΙ ΔΗΛΩΣΗ ΥΠΕΥΘΥΝΟΤΗΤΑΣ | |
| Τίτλος | Economics / An Introduction to Traditional and Radical Views |
| 250 ## - EDITION STATEMENT | |
| Edition statement | 5th |
| 260 ## - PUBLICATION, DISTRIBUTION, ETC. | |
| Name of publisher, distributor, etc. | Harper & Row Publishers, |
| Date of publication, distribution, etc. | 1986 |
| 300 ## - PHYSICAL DESCRIPTION | |
| Extent | 688 |
| 520 ## - SUMMARY, ETC. | |
| Summary, etc. | Property and Prophets, The Ideology of Precapitalist Europe, The Conflict in Merchantilist Thought, Marx's Conception of Capitalism, Marx's Social and Economic Theory, Economic Prosperity and Evolutionary System, Imperialism and Revolutionary Socialism, Contemporary American Capitalism and Its Defenders, Prices and Poverty, An Introduction to Microeconomics, Price and Income: The Neoclassical Theory, The Labor Theory of Value, The Labor Movement, Monopoly Power, Prices and Profits of a Monopoly, Government and Inequality, Economics of Discrimination, Unemployment and Inflation, An Introduction to Macroeconomics, The Institutional Setting, Income Determination, Consumption, Investment, Unemployment and Business Cycles, Government: Welfare or Warfare?, Money and Banking and Monetary Policy, Inflation and Monopoly Power, Economic Growth, Waste and Pollution, International Capitalist Trade and Finance, Socialist Economic Systems, An Introduction to Comparative Economics, Index. |
| 700 1# - ΠΡΟΣΘΕΤΗ ΑΝΑΓΡΑΦΗ--ΦΥΣΙΚΟ ΠΡΟΣΩΠΟ | |
| Personal name | Hunt K. E |
| 9 (RLIN) | 3331 |
| 700 1# - ΠΡΟΣΘΕΤΗ ΑΝΑΓΡΑΦΗ--ΦΥΣΙΚΟ ΠΡΟΣΩΠΟ | |
| Personal name | Sherman Howanr J |
| 9 (RLIN) | 3332 |
| 942 ## - ADDED ENTRY ELEMENTS (KOHA) | |
| Koha item type | Books |
| Τύπος τεκμηρίου | Βιβλιοθήκη | Τρέχουσα τοποθεσία | Barcode | Αριθμός εισαγωγής | Ημερομηνία απόκτησης | Ταξιθετικό σύμβολο | Αριθμός αντιτύπου | Κατάσταση απόσυρσης | Κατάσταση χαμένου | Κατάσταση κατεστραμμένου | Μη δανεισμός | Σύνολο δανεισμών | Ημερομηνία τελευταίας εμφάνισης | Η τιμή ισχύει από |
|---|---|---|---|---|---|---|---|---|---|---|---|---|---|---|
| Books | MC Athens Campus Library | MC Athens Campus Library | 9780000026125 | 8388 | 05/06/2025 | 330 HUN | 1 | 05/06/2025 | 05/06/2025 |